German Clubs by Major Domestic Honours (Unified) - Statistics

General Stats
  • This quiz has been taken 24 times
  • The average score is 13 of 19
Answer Stats
Bundesliga GC <'63 DFB-P DFL-LP DFL-SC DDR-Oberliga FDGB-P Answer % Correct
35 1 21 6 11 Bayern München | 🏆74
100%
5 3 5 6 Borussia Dortmund | 🏆19
100%
3 3 3 2 Hamburger SV | 🏆11
95%
7 5 1 1 Schalke 04 | 🏆14
90%
1 8 4 1. FC Nürnberg | 🏆13
86%
3 2 4 1 VfB Stuttgart | 🏆10
86%
4 6 1 3 Werder Bremen | 🏆14
86%
2 1 4 1. FC Köln | 🏆7
81%
5 3 Borussia Mönchengladbach | 🏆8
81%
8 7 Dynamo Dresden | 🏆15
81%
3 1 4 Lokomotive Leipzig | 🏆8
81%
2 2 2 1 1. FC Kaiserslautern | 🏆7
76%
1 5 Eintracht Frankfurt | 🏆6
76%
3 7 1. FC Magdeburg | 🏆10
62%
3 4 Carl Zeiss Jena | 🏆7
33%
10 3 Berliner FC Dynamo | 🏆13
19%
2 3 BSG Sachsenring Zwickau | 🏆5
19%
2 2 1 Dresdner | 🏆5
10%
6 2 Vorwärts Berlin | 🏆8
10%
No matching quizzes found
Score Distribution
Percent of People with Each Score
Percentile by Number Answered
Your Score History
You have not taken this quiz